Normal view
MARC view
- قاسم ، حشمت/م. مشارك: احمد تمراز ، هاشم سيد
Entry Personal Name
001 - CONTROL NUMBER
- control field: 35769
003 - CONTROL NUMBER IDENTIFIER
- control field: JO-AjAnu
005 - DATE AND TIME OF LATEST TRANSACTION
- control field: 20230606075958.0
008 - FIXED-LENGTH DATA ELEMENTS
- fixed length control field: 230606|| aca||aabn | a|a d
040 ## - CATALOGING SOURCE
- Original cataloging agency: JO-AjAnu
- Transcribing agency: JO-AjAnu
100 ## - HEADING--PERSONAL NAME
- Personal name: قاسم ، حشمت/م. مشارك: احمد تمراز ، هاشم سيد
670 ## - SOURCE DATA FOUND
- Source citation: Work cat.: (JO-AjAnu)18367: قاسم ، حشمت/م. مشارك: احمد تمراز ، هاشم سيد , author, دراسات عربية في المكتبات وعلم المعلومات